000 00623nam a2200205Ia 4500
003 GCL
008 140319s9999 xx 000 0 ara d
040 _aGCL /
_cGCL
082 0 4 _a150
_bى د
100 1 _aيوسف مراد
245 1 0 _aدراسات فى التكامل النفسى /
_cيوسف مراد
260 _a[S.N] :
_bمؤسسة الخانجى ،
_c1958
300 _a348 ص
490 _a
650 0 4 _aعلم النفس التربوى
650 0 4 _aعلم النفس الجنائى
650 0 4 _aعلم النفس الاجتماعى
650 0 4 _aعلم النفس الصناعى
942 _2ddc
_cBK
999 _c36832
_d36832